Judikatúra Súdneho dvora EÚ za rok 2015 : vo veciach dane z pridanej hodnoty
Gespeichert in:
| Weitere Verfasser: | , |
|---|---|
| Format: | Buch |
| Sprache: | Slowakisch |
| Veröffentlicht: |
Bratislava
Wolters Kluwer
2016
|
| Schlagworte: | |
| Tags: |
Keine Tags, Fügen Sie das erste Tag hinzu!
|
MARC
| LEADER | 00000nam a2200000 4500 | ||
|---|---|---|---|
| 001 | 0229026 | ||
| 005 | 20221207093605.7 | ||
| 020 | |a 978-80-8168-432-6 | ||
| 041 | 0 | |a slo | |
| 044 | |a SK | ||
| 245 | 1 | 0 | |a Judikatúra Súdneho dvora EÚ |b za rok 2015 : vo veciach dane z pridanej hodnoty |c zostavili Zuzana Šidlová, Jana Škvarková |
| 264 | 1 | |a Bratislava |b Wolters Kluwer |c 2016 | |
| 300 | |a 262 s. | ||
| 610 | 2 | 0 | |a Súdny dvor Európskej únie |
| 610 | 2 | 0 | |a právo európske |
| 610 | 2 | 0 | |a dane z hodnoty pridanej |
| 700 | 1 | |a Šidlová, Zuzana | |
| 700 | 1 | |a Škvarková, Jana | |